

| 000 -LEADER | |
|---|---|
| fixed length control field | 01188nam a2200217Ia 4500 |
| 003 - CONTROL NUMBER IDENTIFIER | |
| control field | OSt |
| 005 - DATE AND TIME OF LATEST TRANSACTION | |
| control field | 20251210130550.0 |
| 008 - FIXED-LENGTH DATA ELEMENTS--GENERAL INFORMATION | |
| fixed length control field | 201216b2016 ||||| |||| 00| 0 eng |
| 040 ## - CATALOGING SOURCE | |
| Transcribing agency | NLS |
| 100 ## - MAIN ENTRY--PERSONAL NAME | |
| Personal name | Dharmendra Kumar Singh |
| 245 #0 - TITLE STATEMENT | |
| Title | Universal Public Healthcare as an Alternate Model of Management and Delivery of Public Healthcare Services in Karnataka (The Ontario Experience) |
| 260 ## - PUBLICATION, DISTRIBUTION, ETC. | |
| Place of publication, distribution, etc. | Bangalore |
| Name of publisher, distributor, etc. | NLSIU |
| Date of publication, distribution, etc. | 2016 |
| 300 ## - PHYSICAL DESCRIPTION | |
| Extent | 67p |
| 505 ## - FORMATTED CONTENTS NOTE | |
| Formatted contents note | Table of Contents<br/>I. Executive Summary<br/>II. Background<br/>III. Research Problem<br/>IV. Research Question<br/>V. Research Objectives<br/>VI. Literature Survey<br/>VII. Conceptual framework, Challenges and Analysis<br/>VIII. Research Methodology<br/>• Design of Study;<br/>• Data Collection;<br/>• Sampling;<br/>• Data Analysis;<br/>IX. Canada Healthcare Delivery System;<br/>X. Healthcare System: Canada Vs. India;<br/>XI. Conclusion;<br/>XII. Recommendations;<br/>XIII. Abbreviations;<br/>XIV. Annexure;<br/>XV. References.<br/> |
| 650 ## - SUBJECT ADDED ENTRY--TOPICAL TERM | |
| Topical term or geographic name entry element | Hip - Health System |
| 650 ## - SUBJECT ADDED ENTRY--TOPICAL TERM | |
| Topical term or geographic name entry element | Public Healthcare Services - Karnataka |
| 650 ## - SUBJECT ADDED ENTRY--TOPICAL TERM | |
| Topical term or geographic name entry element | Quality Health Service |
| 700 ## - ADDED ENTRY--PERSONAL NAME | |
| Personal name | Dr. Ramesh. G - Guide |
| 856 ## - ELECTRONIC LOCATION AND ACCESS | |
| Uniform Resource Identifier | <a href="https://dans.nls.ac.in/handle/123456789/139">https://dans.nls.ac.in/handle/123456789/139</a> |
| 942 ## - ADDED ENTRY ELEMENTS (KOHA) | |
| Koha item type | Dissertation |
| Source of classification or shelving scheme | Dewey Decimal Classification |
| Withdrawn status | Lost status | Damaged status | Not for loan | Home library | Current library | Shelving location | Date acquired | Total Checkouts | Barcode | Date last seen | Price effective from | Koha item type |
|---|---|---|---|---|---|---|---|---|---|---|---|---|
| NLS | NLS | 09/08/2019 | MPP006 | 09/08/2019 | 09/08/2019 | Dissertation |